¿Qué ciudad en Argentina? - Estadísticas

Estadísticas generales
  • Esta prueba ha sido intentada 1.357 veces
  • La puntuación promedio es 9 de 18
Estadísticas de respuestas
Pista Ciudad % Correcto
Ciudad que desde 1994 goza un régimen de autonomía B Buenos Aires
98%
Ciudad natal del futbolista Leo Messi R Rosario
94%
La ciudad más austral del mundo U Ushuaia
79%
Para muchos la ciudad mejor planificada del mundo L La Plata
68%
Es conocida por el apodo "la Linda" S Salta
65%
Ciudad donde se declaró la independencia S San Miguel de Tucumán
62%
Es conocida por ser la ciudad balnearia más grande del país M Mar del Plata
60%
Ciudad del equipo que más veces ha sido campeón continental A Avellaneda
59%
Su nombre proviene del Euskera M Mendoza
56%
Ciudad donde el idioma guaraní es oficial C Corrientes
53%
Conocida por su producción vino Syrah S San Juan
47%
Ciudad donde se sancionó la primera constitución argentina S Santa Fe de la Vera Cruz
44%
Ciudad más antigua del país S Santiago del Estero
33%
Conocida por su comunidad galesa y donde además el galés es idioma oficial T Trelew
31%
Conocida por ser el acceso al glaciar Perito Moreno E El Calafate
29%
Conocida por ser "la ciudad de las esculturas" R Resistencia
23%
Es conocida por la devoción a la Virgen del Valle S San Fernando del Valle de Catamarca
23%
Conocida por una inundación por una crecida del lago en 1985 V Villa Epecuén
7%
No se encontraron pruebas coincidentes
Distribución de puntuación
Porcentaje de gente con cada puntuación
Porcentaje por número respondido
Historial de tus puntuaciones
No has intentado esta prueba.